MyGZULibrary

World heritage sites in Sweden / (Record no. 561)

MARC details
000 -LEADER
fixed length control field 01252cam a2200361 a 4500
001 - CONTROL NUMBER
control field 14349518
003 - CONTROL NUMBER IDENTIFIER
control field GZU
005 - DATE AND TIME OF LATEST TRANSACTION
control field 20200907125137.0
008 - FIXED-LENGTH DATA ELEMENTS--GENERAL INFORMATION
fixed length control field 060421s2002 sw ab 000 0 eng
010 ## - LIBRARY OF CONGRESS CONTROL NUMBER
LC control number 2006401115
020 ## - INTERNATIONAL STANDARD BOOK NUMBER
International Standard Book Number 9172092556
020 ## - INTERNATIONAL STANDARD BOOK NUMBER
International Standard Book Number 9152007073 (pbk. : alk. paper)
040 ## - CATALOGING SOURCE
Original cataloging agency NcD
Transcribing agency NcD
Modifying agency CU
-- DLC
041 1# - LANGUAGE CODE
Language code of text/sound track or separate title eng
Language code of original swe
042 ## - AUTHENTICATION CODE
Authentication code lccopycat
043 ## - GEOGRAPHIC AREA CODE
Geographic area code e-sw---
050 00 - LIBRARY OF CONGRESS CALL NUMBER
Classification number DL 614 ANK
100 1# - MAIN ENTRY--PERSONAL NAME
Personal name Anker, Leif.
Relator term author
240 10 - UNIFORM TITLE
Uniform title Världsarv i Sverige.
Language of a work English
245 10 - TITLE STATEMENT
Title World heritage sites in Sweden /
Statement of responsibility, etc. Leif Anker, Gunilla Litzell, Bengt A. Lundberg ; [translation, Roger Tanner].
260 ## - PUBLICATION, DISTRIBUTION, ETC.
Place of publication, distribution, etc. [Stockholm] :
Name of publisher, distributor, etc. The Swedish Institute :
-- The National Heritage Board,
Date of publication, distribution, etc. c2002.
300 ## - PHYSICAL DESCRIPTION
Extent 144 p. :
Other physical details ill., [col.] ;
650 #0 - SUBJECT ADDED ENTRY--TOPICAL TERM
Topical term or geographic name entry element World Heritage areas
Geographic subdivision Sweden
Form subdivision Pictorial works.
650 #0 - SUBJECT ADDED ENTRY--TOPICAL TERM
Topical term or geographic name entry element Historic buildings
Geographic subdivision Sweden
Form subdivision Pictorial works.
651 #0 - SUBJECT ADDED ENTRY--GEOGRAPHIC NAME
Geographic name Sweden
Form subdivision Pictorial works.
700 1# - ADDED ENTRY--PERSONAL NAME
Personal name Litzell, Gunilla.
700 1# - ADDED ENTRY--PERSONAL NAME
Personal name Lundberg, Bengt A.,
Dates associated with a name 1931-
710 1# - ADDED ENTRY--CORPORATE NAME
Corporate name or jurisdiction name as entry element Sweden.
Subordinate unit Riksantikvarieämbetet.
710 2# - ADDED ENTRY--CORPORATE NAME
Corporate name or jurisdiction name as entry element Svenska institutet.
906 ## - LOCAL DATA ELEMENT F, LDF (RLIN)
a 7
b cbc
c copycat
d 3
e ncip
f 20
g y-gencatlg
942 ## - ADDED ENTRY ELEMENTS (KOHA)
Koha item type Books
Classification part 614
Item part ANK
Call number prefix DL
Holdings
Withdrawn status Lost status Damaged status Not for loan Collection code Home library Current library Shelving location Date acquired Total Checkouts Full call number Barcode Date last seen Copy number Price effective from Koha item type
        Non-fiction City Campus Library City Campus Library General Stacks 02/27/2006   DL 614 ANK B018512 09/07/2020 c-1 09/07/2020 Books